000 00963nam a2200265Ia 4500
003 OSt
005 20220923211437.0
006 a|||||r|||| 00| 0
007 ta
008 220922b |||||||| |||| 00| 0 hin d
020 _a9789350002896 (hbk)
_c800
024 _a282,818
037 _b317, 10/01/2015, Vani Prakashan
_cTextual
040 _aARTS
_cARTS
_bhin
041 _2hin
_ahin
082 _aO152,3:g, Q0
100 _aसुवास कुमार
_9156290
245 0 _aगल्प का यथार्थ
_b कथालोचन के आयाम
246 _aGalpa kā yathārtha: kathālochan ke āyāma
260 _aनयी दिल्ली
_b वाणी प्रकाशन
_c2010
300 _a232पृ.
_ccm.
650 _aहिन्दी साहित्य
_9156264
942 _hO152,3:g, Q0
_cTEXL
_2CC
999 _c299598
_d299598